<?xml version="1.0" encoding="UTF-8"?>
<collection xmlns="http://www.loc.gov/MARC21/slim">
 <record>
  <leader>01780nam a2200217Ia 4500</leader>
  <controlfield tag="001">CTU_235738</controlfield>
  <controlfield tag="008">210402s9999    xx            000 0 und d</controlfield>
  <datafield tag="082" ind1=" " ind2=" ">
   <subfield code="a">346.597013</subfield>
  </datafield>
  <datafield tag="082" ind1=" " ind2=" ">
   <subfield code="b">L312</subfield>
  </datafield>
  <datafield tag="088" ind1=" " ind2=" ">
   <subfield code="a">8380107</subfield>
  </datafield>
  <datafield tag="100" ind1=" " ind2=" ">
   <subfield code="a">Nguyễn, Thị Chúc Linh</subfield>
  </datafield>
  <datafield tag="245" ind1=" " ind2="0">
   <subfield code="a">Trách nhiệm của doanh nghiệp trong việc bảo vệ thông tin cá nhân của người tiêu dùng :</subfield>
  </datafield>
  <datafield tag="245" ind1=" " ind2="0">
   <subfield code="b">Luận văn Thạc sĩ Luật học chuyên ngành. Luật Kinh tế</subfield>
  </datafield>
  <datafield tag="245" ind1=" " ind2="0">
   <subfield code="c">Nguyễn Thị Chúc Linh ; Dương Kim Thế Nguyên (Hướng dẫn khoa học)</subfield>
  </datafield>
  <datafield tag="260" ind1=" " ind2=" ">
   <subfield code="a">Cần Thơ</subfield>
  </datafield>
  <datafield tag="260" ind1=" " ind2=" ">
   <subfield code="b">Trường Đại học Cần Thơ</subfield>
  </datafield>
  <datafield tag="260" ind1=" " ind2=" ">
   <subfield code="c">2020</subfield>
  </datafield>
  <datafield tag="520" ind1=" " ind2=" ">
   <subfield code="a">Đề tài: “Trách nhiệm của doanh nghiệp trong việc bảo vệ thông tin cá nhân của người tiêu dùng” nhằm góp phần làm sáng tỏ những vấn đề lý luận cũng như thực tiễn về việc bảo vệ thông tin cá nhân của người tiêu dùng, thực trạng pháp luật Việt Nam về xử lý vi phạm pháp luật đối với doanh nghiệp về trách nhiệm bảo vệ thông tin cá nhân người tiêu dùng; những khó khăn khi xử lý vi phạm đối với doanh nghiệp về trách nhiệm bảo vệ thông tin cá nhân người tiêu dùng, từ đó mạnh dạn đề xuất những sửa đổi quy định pháp luật cho phù hợp hơn với tình hình xã hội hiện nay.</subfield>
  </datafield>
  <datafield tag="650" ind1=" " ind2=" ">
   <subfield code="a">Information law series,Hệ thống luật thông tin</subfield>
  </datafield>
  <datafield tag="910" ind1=" " ind2=" ">
   <subfield code="c">tvtrong</subfield>
  </datafield>
  <datafield tag="980" ind1=" " ind2=" ">
   <subfield code="a">Trung tâm Học liệu Trường Đại học Cần Thơ</subfield>
  </datafield>
 </record>
</collection>
